| 000 | 00391nab a22001097u 4500 | ||
|---|---|---|---|
| 008 | 130520b1980 xxu||||| |||| 00| 0 eng d | ||
| 041 | _aeng | ||
| 100 | 1 |
_aFóti, Véronique M. _950153 |
|
| 245 | 0 | 0 |
_aPainting and the re-orientation of philosophical thought in Merleau-Ponty _cVéronique M. Fóti |
| 773 | 0 |
_tPhilosophy Today _gV.24, nº2/4,1980,págs. 114-120 _x0031-8256 _wRev325 |
|
| 942 | _cAR | ||
| 999 |
_c303085 _d303085 |
||